Airlines at ATL - Statistics

General Stats
  • This quiz has been taken 161 times
  • The average score is 15 of 21
Answer Stats
# Answer % Correct
8 Delta Air Lines
100%
5 American Airlines
99%
18 United Airlines
98%
7 British Airways
92%
15 Southwest Airlines
92%
1 Air Canada
86%
3 Air France
85%
9 Frontier Airlines
84%
13 Lufthansa
84%
16 Spirit Airlines
83%
11 KLM
78%
10 JetBlue
75%
4 Alaska Airlines
69%
21 WestJet
66%
14 Qatar Airways
61%
17 Turkish Airlines
59%
19 Virgin Atlantic
59%
12 Korean Air
55%
20 Volaris
39%
2 Air Choice One
16%
6 Botique Air
14%
No matching quizzes found
Score Distribution
Percent of People with Each Score
Percentile by Number Answered
Your Score History
You have not taken this quiz